000 00574nam a22001937a 4500
005 20251108174955.0
008 250721s2010 xx 000 0 ara d
082 1 4 _a813.009/برا
100 1 _aبرادة، محمد
245 1 0 _aالذات في السرد الروائي : دراسات نقدية /
264 1 _aعمان :
_bدار أزمنة،
_c2010.
300 _a265 ص.
650 1 7 _aالنقد الأدبي
650 1 7 _aالأدب القصصي
650 1 7 _aالأردن
650 1 7 _aالتحليل الأدبي
942 _2ddc
_cBK
999 _c122919
_d122919